Statistiche per Geopolytics Quiz

Clicka qui per fare il quiz!

Statistiche generali

  • Questo quiz è stato fatto 51 volte
  • Il punteggio medio è 8 su 15

Statistiche sulle risposte

DomandaRisposta% Corretto
What's the capital of Libya?Tripoli
91%
What's the capital of Iraq?Baghdad
80%
What country does unite the Latin America with the Central America?Panama
80%
What's the capital of Bhutan?Thimphu
78%
What country does Ethiopia borders at the south with?Somalia and Kenya
73%
What of these countries don't border with the Caspian Sea?Armenia
56%
Which of this countries has never been occupied by the UK?Chad
56%
Which country owns the island of Sant' Elena?the UK
53%
How much countries does Indonesia borders with?3
44%
Whose the Laccadive Islands are?India
44%
Where is Brittany situated?In France
40%
What's the biggest country of the african continent?Algeria
38%
How Much Countries are in the Commonwealth?16
33%
When has the EU founded?1993
31%
What's the poorest country in Europe by the GDP per capita?Ukraine
2%

Distribuzione punteggi

Percentile per numero di risposta

Percentuale di utenti per punteggio

I tuoi punteggi nel tempo

Non hai fatto questo quiz